ბათუმის შოთა რუსთაველის სახელმწიფო უნივერსიტეტის ბიბლიოთეკა

A dictionary of archaeology / (ბიბ.ჩანაწერი № 60530)

000 -LEADER
fixed length control field 00528nam a22001697a 4500
005 - DATE AND TIME OF LATEST TRANSACTION
control field 20230814122119.0
008 - FIXED-LENGTH DATA ELEMENTS--GENERAL INFORMATION
fixed length control field 230814s1970 enk||||| |||| 00| 0 eng d
020 ## - INTERNATIONAL STANDARD BOOK NUMBER
International Standard Book Number ‎0713901373
041 ## - LANGUAGE CODE
Language code of text/sound track or separate title eng
080 ## - UNIVERSAL DECIMAL CLASSIFICATION NUMBER
Universal Decimal Classification number 902(038) B-84
100 ## - MAIN ENTRY--PERSONAL NAME
Personal name Bray, Warwick
9 (RLIN) 19670
245 ## - TITLE STATEMENT
Title A dictionary of archaeology /
Statement of responsibility, etc. Warwick Bray, David Trump.
300 ## - PHYSICAL DESCRIPTION
Extent 280 p. :
Other physical details ill.;
Dimensions 22 cm.
653 ## - INDEX TERM--UNCONTROLLED
keyword არქეოლოგიის ლექსიკონი
700 ## - ADDED ENTRY--PERSONAL NAME
Personal name Trump, David
Relator term ავტორი
9 (RLIN) 19671
942 ## - ADDED ENTRY ELEMENTS (KOHA)
Source of classification or shelving scheme
Koha item type წიგნი
ეგზემპლარები
Withdrawn status Lost status Source of classification or shelving scheme Damaged status Not for loan Permanent Location Current Location Shelving location Date acquired Cost, normal purchase price Full call number Barcode Date last seen Copy number Uniform Resource Identifier Price effective from Koha item type Public note
          ბათუმის შოთა რუსთაველის სახელმწიფო უნივერსიტეტის მთავარი ბიბლიოთეკა ბათუმის შოთა რუსთაველის სახელმწიფო უნივერსიტეტის მთავარი ბიბლიოთეკა წიგნსაცავი 2023-08-14 15.00 902(038) B-84 65147 2023-08-14 65147 ბსუ-ს საპატიო დოქტორის გურამ ლორთქიფანიძის საჩუქარი 2023-08-14 წიგნი 15 ლ.